Paraguay City Quiz - Statistics

General Stats
  • This quiz has been taken 22 times
  • The average score is 4 of 7
Answer Stats
City % Correct
Asuncion
100%
Ciudad del Este
61%
Luque
61%
Fernando de la Mora
44%
Lambare
39%
San Lorenzo
39%
Capiata
17%
No matching quizzes found
Score Distribution
Percent of People with Each Score
Percentile by Number Answered
Your Score History
You have not taken this quiz